000
00324 a2200157 4500
001
60931
020
_a
8520915833
040
_c
Anchieta - Pituba
100
_a
Lewis, Norman
240
1
0
_a
Nápoles, 1944
_l
por
245
1
0
_a
Nápoles, 1944
300
_a
219
362
0
_a
2003
650
4
_a
Hist. da Itália
942
_c
BK
999
_c
60931
_d
60931